Synthesis, characterization, electrochemistry and biological properties of schiff bases and their metal complexes /
Saved in:
| 主要作者: | |
|---|---|
| 格式: | Thesis 圖書 |
| 語言: | English |
| 出版: |
2010.
|
| 主題: | |
| 在線閱讀: | http://studentsrepo.um.edu.my/id/eprint/1887 |
| 標簽: |
添加標簽
沒有標簽, 成為第一個標記此記錄!
|
| LEADER | 01121cam a2200277 a 4500 | ||
|---|---|---|---|
| 001 | u796764 | ||
| 003 | SIRSI | ||
| 005 | 201009031702 | ||
| 008 | 100903s2010 my a 000 0 eng | ||
| 040 | |a UMM |d AUM | ||
| 090 | |a QD3 |b UM 2010 Zurk | ||
| 100 | 0 | |a Zuraini Kadir. | |
| 245 | 1 | 0 | |a Synthesis, characterization, electrochemistry and biological properties of schiff bases and their metal complexes / |c Zuraini binti Kadir. |
| 260 | |c 2010. | ||
| 300 | |a x, 80 leaves : |b ill. (some col.) ; |c 30 cm. | ||
| 502 | |a Dissertation (M.Sc.) -- Jabatan Kimia, Fakulti Sains, Universiti Malaya, 2010. | ||
| 504 | |a Bibliography: leaves 77-80. | ||
| 530 | |a Also issued in CD. | ||
| 650 | 0 | |a Schiff bases |x Synthesis. | |
| 650 | 0 | |a Metal complexes |x Analysis. | |
| 710 | 2 | |a Universiti Malaya. |b Jabatan Kimia. | |
| 856 | 4 | 1 | |u http://studentsrepo.um.edu.my/id/eprint/1887 |
| 900 | |a HA-ZA | ||
| 596 | |a 1 25 | ||
| 999 | |a QD3 UM 2010 ZURK |w LC |c 1 |i A514479320 |d 14/6/2011 |e 14/6/2011 |f 10/3/2011 |g 1 |l STACKS |m P01UTAMA |n 1 |r Y |s Y |t TESIS |u 8/3/2011 | ||
| 999 | |a QD3 UM 2010 ZURK |w LC |c 1 |i A514488848 |l STACKS |m P25UMARCHI |r Y |s Y |t CD |u 30/3/2017 |1 STEM |2 GIFT | ||
